| 000 | 00517nam a2200181Ia 4500 | ||
|---|---|---|---|
| 001 | 21407 | ||
| 005 | 20260306172917.0 | ||
| 008 | 260306t2019||||xx |||||||||||||| ||spa|| | ||
| 041 | _aESP | ||
| 082 |
_a344.83 _bP84 |
||
| 100 |
_aPrado Saldarriaga, Víctor Roberto _eAUT |
||
| 245 | 0 |
_aLavado de activos y organizaciones criminales en el Perú: _bnuevas políticas, estrategias y marco legal |
|
| 260 | _c2019 | ||
| 300 |
_a965 páginas : _c25 cm. |
||
| 650 | _aGEN | ||
| 654 | _aCDE | ||
| 942 |
_cLIB _dJUS _fJUS _2ddc _n |
||
| 999 |
_c21407 _d21407 |
||